| 000 | 01565nam a2200277 a 4500 | ||
|---|---|---|---|
| 001 | ASIN030017201X | ||
| 005 | 20170105102927.0 | ||
| 008 | 131212s2012 xxu eng d | ||
| 020 |
_a030017201X (paperback) _c$35.00 |
||
| 020 | _a9780300172010 (paperback) | ||
| 040 | _a0 | ||
| 050 | 0 | 4 | _aDR576 |
| 082 | 0 | 4 |
_a320.5409561 _bOZK 2012 |
| 100 | 1 | _a(Ozkan), Behlul (Behlul) Ozkan. | |
| 245 | 1 | 0 |
_aFrom the abode of islam to the turkish vatan : _bthe making of a national homeland in turkey / _cBehlul (Behlul) Ozkan (Ozkan) |
| 260 |
_a[S.l.] : _bYale University Press, _c2012. |
||
| 300 |
_a288 p. ; _c24 cm. |
||
| 520 | _aHow does a people move from tribal and religiously based understandings of society to a concept of the modern nation-state? This book examines the complex and pivotal case of Turkey. Tracing the shifting valences of vatan (Arabic for “birthplace” or “homeland”) from the Ottoman period—when it signified a certain territorial integrity and imperial ideology—through its acquisition of religious undertones and its evolution alongside the concept of millet (nation), Behlül Özkan engages readers in the fascinating ontology of Turkey’s protean imagining of its nationhood and the construction of a modern national-territorial consciousness. | ||
| 650 | 0 | _aBoundaries | |
| 650 | 0 | _aInternational relations | |
| 650 | 0 | _aNational characteristics, Turkish | |
| 650 | 0 | _aNationalism | |
| 650 | 0 | _aTurkey | |
| 856 | 4 | 0 |
_3Amazon.com _uhttp://www.amazon.com/exec/obidos/ASIN/030017201X/chopaconline-20 |
| 942 |
_2ddc _cBK |
||
| 999 |
_c15864 _d15864 |
||